The noble scholar, jurist, historian


 His Excellency Dr. Abdul Wahhab bin Ibrahim Abu Sulaiman, may Allah have mercy on him.


 He was born in Umm Al-Qura in the year 1356 AH.

فيض الفائض لشرح روض الرائض في مسائل الفرائض (Record no. 13918)

MARC details
000 -LEADER
fixed length control field 01156cgm a2200253 a 4500
003 - CONTROL NUMBER IDENTIFIER
control field SA-RiAUC
005 - DATE AND TIME OF LATEST TRANSACTION
control field 20260106130153.0
007 - PHYSICAL DESCRIPTION FIXED FIELD--GENERAL INFORMATION
fixed length control field hd b|u uuuu          
008 - FIXED-LENGTH DATA ELEMENTS--GENERAL INFORMATION
fixed length control field 260104s1739 |||--- g a fnara c
040 ## - CATALOGING SOURCE
Original cataloging agency SA-JeALM
Language of cataloging ara
Transcribing agency SA-RiAUC
Description conventions rda
082 04 - DEWEY DECIMAL CLASSIFICATION NUMBER
Classification number 253.901
090 ## - LOCALLY ASSIGNED LC-TYPE CALL NUMBER (OCLC); LOCAL CALL NUMBER (RLIN)
Classification number (OCLC) (R) ; Classification number, CALL (RLIN) (NR) 253.901
Local cutter number (OCLC) ; Book number/undivided call number, CALL (RLIN) ع ل ي
100 1# - MAIN ENTRY--PERSONAL NAME
Personal name علي القاري، علي بن محمد الهروي،
Titles and words associated with a name الملا،
Dates associated with a name توفي 1014 هجري.
245 10 - TITLE STATEMENT
Title فيض الفائض لشرح روض الرائض في مسائل الفرائض
Statement of responsibility, etc. ملا علي بن سلطان محمد الهروي القاري الحنفي ، حققه وعلق عليه أبو معاذ موسى بن يحيى الشريف الفيفي .
Medium [مصغر] /
246 33 - VARYING FORM OF TITLE
Title proper/short title فيض الفائض في شرح روض الرائض
260 ## - PUBLICATION, DISTRIBUTION, ETC.
Date of publication, distribution, etc. [1739]
264 ## - PRODUCTION, PUBLICATION, DISTRIBUTION, MANUFACTURE, AND COPYRIGHT NOTICE
Place of production, publication, distribution, manufacture الرياض :
Name of producer, publisher, distributor, manufacturer مكتبة المعارف .
Date of production, publication, distribution, manufacture, or copyright notice 2012
300 ## - PHYSICAL DESCRIPTION
Extent 312 صفحة .
Dimensions 24 سم .
336 ## - CONTENT TYPE
Content type term نص
Materials specified كتاب
650 #7 - SUBJECT ADDED ENTRY--TOPICAL TERM
Topical term or geographic name entry element المواريث (فقه إسلامي)
Source of heading or term aucsh
700 ## - ADDED ENTRY--PERSONAL NAME
Personal name الفيفي، موسى بن يحيى الشريف
Relator term محقق .
942 ## - ADDED ENTRY ELEMENTS (KOHA)
Source of classification or shelving scheme Dewey Decimal Classification
Koha item type Books
Suppress in OPAC No
949 ## - LOCAL PROCESSING INFORMATION (OCLC)
a SA-JeALM
d 260104
u osman123
n 1
Holdings
Withdrawn status Lost status Source of classification or shelving scheme Damaged status Not for loan Home library Current library Date acquired Total checkouts Full call number Barcode Date last seen Price effective from Koha item type
    Dewey Decimal Classification     DR AbdElwahab Library DR AbdElwahab Library 01/06/2026   253.901 ع ل ي 000022281 01/06/2026 01/06/2026 Books